Psicología educativa: un punto de vista cognoscitivo /

Detalles Bibliográficos
Autor principal: Ausubel, David Paul
Otros Autores: Novak, Joseph D., Hanesian, Helen
Formato: Libro
Publicado: México : Trillas, 1983.
Edición:2a. edición
Materias:
Etiquetas: Agregar Etiqueta
Sin Etiquetas, Sea el primero en etiquetar este registro!

MARC

LEADER 00000nam a22000004a 4500
001 AR-BbUGT3648
003 AR-BbUGT
005 20181220001759.0
007 ta
008 061101t1983 ||| |0|||0| d
020 |a 968-24-1334-6 
040 |a AR-BbUGT  |b spa  |c AR-BbUGT 
082 0 4 |a 370.15 
100 1 |a Ausubel, David Paul. 
245 1 0 |a Psicología educativa:   |b un punto de vista cognoscitivo /   |c David Paul Ausubel ; Joseph D. Novak ; Helen Hanesian. 
250 |a 2a. edición 
260 |a México :   |b Trillas,   |c 1983. 
300 |a 623 p. 
500 |a Indice onomástico: p. 606-610. 
500 |a Indice analítico: p. 611-623. 
504 |a Bibliografía: p. 545-605. 
653 |a Psicología Educativa 
653 |a Psicología 
653 |a Aprendizaje 
653 |a Ensenanza 
653 |a Evaluación 
653 |a Teorías 
700 1 |a Novak, Joseph D. 
700 1 |a Hanesian, Helen. 
942 |c BK  |h 370.15  |i AU79  |2 ddc  |6 370_150000000000000_AU79 
999 |c 10999  |d 10999